The economics of money, banking, and financial markets / (Record no. 4855)
[ view plain ]
| 000 -LEADER | |
|---|---|
| fixed length control field | 01038nam a22003255a 4500 |
| 008 - FIXED-LENGTH DATA ELEMENTS--GENERAL INFORMATION | |
| fixed length control field | 080908t xxu||||| |||| 00| 0 eng d |
| 010 ## - LIBRARY OF CONGRESS CONTROL NUMBER | |
| LC control number | 2002021448 |
| 020 ## - INTERNATIONAL STANDARD BOOK NUMBER | |
| International Standard Book Number | 0321287266 |
| 020 ## - INTERNATIONAL STANDARD BOOK NUMBER | |
| International Standard Book Number | 9780321287267 |
| 040 ## - CATALOGING SOURCE | |
| Original cataloging agency | EG-ScBUE |
| Language of cataloging | eng |
| Transcribing agency | EG-ScBUE |
| 082 04 - DEWEY DECIMAL CLASSIFICATION NUMBER | |
| Classification number | 332 |
| Item number | MIS |
| Edition number | 22 |
| 100 1# - MAIN ENTRY--PERSONAL NAME | |
| Personal name | Mishkin, Frederic S. |
| 245 14 - TITLE STATEMENT | |
| Title | The economics of money, banking, and financial markets / |
| Statement of responsibility, etc | Frederic S. Mishkin. |
| 250 ## - EDITION STATEMENT | |
| Edition statement | 8th ed |
| 260 ## - PUBLICATION, DISTRIBUTION, ETC. (IMPRINT) | |
| Place of publication, distribution, etc | Boston : |
| Name of publisher, distributor, etc | Addison Wesley, |
| Date of publication, distribution, etc | c.2007. |
| 300 ## - PHYSICAL DESCRIPTION | |
| Extent | xxx, 660 p. : |
| Other physical details | ill. (col.) ; |
| Dimensions | 24 cm. |
| 500 ## - GENERAL NOTE | |
| General note | Appendix. |
| 500 ## - GENERAL NOTE | |
| General note | Glossary. |
| 500 ## - GENERAL NOTE | |
| General note | Answer to selected questions and problems. |
| 500 ## - GENERAL NOTE | |
| General note | Index |
| 500 ## - GENERAL NOTE | |
| General note | A multimedia package, including a web site, is available to supplement the text. |
| 504 ## - BIBLIOGRAPHY, ETC. NOTE | |
| Bibliography, etc | Includes bibliographical references. |
| 590 ## - LOCAL NOTE (RLIN) | |
| Local note | Menna Elemam |
| 650 #0 - SUBJECT ADDED ENTRY--TOPICAL TERM | |
| Topical term or geographic name as entry element | Finance. |
| Source of heading or term | BUEsh |
| 650 #0 - SUBJECT ADDED ENTRY--TOPICAL TERM | |
| Topical term or geographic name as entry element | Money. |
| Source of heading or term | BUEsh |
| 650 #0 - SUBJECT ADDED ENTRY--TOPICAL TERM | |
| Topical term or geographic name as entry element | Banks and banking. |
| Source of heading or term | BUEsh |
| 651 ## - SUBJECT ADDED ENTRY--GEOGRAPHIC NAME | |
| Source of heading or term | BUEsh |
| 653 ## - INDEX TERM--UNCONTROLLED | |
| Resource For college | BAEPS, Business Administration |
| Arrived date list | August2015 |
| 942 ## - ADDED ENTRY ELEMENTS (KOHA) | |
| Item type | Book - Borrowing |
| Call number prefix | 332 MIS |
| Source of classification or shelving scheme | Dewey Decimal Classification |
| Withdrawn status | Item status | Source of classification or shelving scheme | Materials specified (bound volume or other part) | Damaged status | Not for loan | Home library | Current library | Shelving location | Date acquired | Source of acquisition | Total Checkouts | Total Renewals | Full call number | Barcode | Date last seen | Date last borrowed | Koha item type | Vendor |
|---|---|---|---|---|---|---|---|---|---|---|---|---|---|---|---|---|---|---|
| Lost | Dewey Decimal Classification | Lost In Inventory_2018-08-12 | Central Library | Central Library | First floor | 25/09/2007 | Purchase | 14 | 53 | 332 MIS | 000005939 | 20/02/2018 | 17/10/2017 | Book - Borrowing | ||||
| Dewey Decimal Classification | Central Library | Central Library | First floor | 25/09/2007 | Purchase | 10 | 17 | 332 MIS | 000005940 | 15/07/2025 | 18/01/2018 | Book - Borrowing | ||||||
| Dewey Decimal Classification | Central Library | Central Library | First floor | 25/09/2007 | Purchase | 10 | 72 | 332 MIS | 000005941 | 15/07/2025 | 20/02/2019 | Book - Borrowing | ||||||
| Dewey Decimal Classification | Central Library | Central Library | First floor | 25/09/2007 | Purchase | 11 | 56 | 332 MIS | 000005942 | 15/07/2025 | 11/02/2020 | Book - Borrowing | ||||||
| Dewey Decimal Classification | Central Library | Central Library | First floor | 08/09/2008 | Purchase | 2 | 332 MIS | 000013523 | 15/07/2025 | 28/01/2013 | NB - Book (Non borrowing) | |||||||
| Dewey Decimal Classification | Central Library | Central Library | First floor | 15/03/2009 | 6 | 14 | 332 MIS | 000005943 | 15/07/2025 | 10/04/2022 | Book - Borrowing |